000 00323 a2200133 4500
001 151630
040 _cEscola São Tomás de Aquino
100 _aBELINKY, Tatiana
240 1 0 _aVovô Majai e as lebres
_lpor
245 1 0 _aVovô Majai e as lebres
362 0 _a2012
697 _a*LITERATURA INFANTO JUVENIL
942 _cBK
999 _c151630
_d151630